Трактат о свободе (Запись № 1773056)

Подробности
000 -МАРКЕР
контрольное поле 01342nam0a2200349 4500
001 - ИДЕНТИФИКАТОР ЗАПИСИ
контрольное поле RU\NLR\bibl\1501482
005 - ИДЕНТИФИКАТОР ВЕРСИИ
контрольное поле 20260408165816.0
010 ## - МЕЖДУНАРОДНЫЙ СТАНДАРТНЫЙ НОМЕР КНИГИ (ISBN)
Номер (ISBN) 978-5-88373-174-0
Уточнения в пер.
Тираж 800
035 ## - ДРУГИЕ СИСТЕМНЫЕ НОМЕРА
Идентификатор записи (NLR Aleph) 001492937
035 ## - ДРУГИЕ СИСТЕМНЫЕ НОМЕРА
Идентификатор записи (nilc)LIBNET\0000010529
100 ## - ДАННЫЕ ОБЩЕЙ ОБРАБОТКИ
Данные общей обработки 20100225d2009 u y0rusy50 ca
101 0# - ЯЗЫК РЕСУРСА
Язык текста, звукозаписи и т.д. русский
102 ## - СТРАНА ПУБЛИКАЦИИ ИЛИ ПРОИЗВОДСТВА
Страна публикации Российская Федерация
105 ## - ПОЛЕ КОДИРОВАННЫХ ДАННЫХ: ТЕКСТОВЫЕ МАТЕРИАЛЫ, МОНОГРАФИЧЕСКИЕ
Кодированные данные о монографическом текстовом документе a z |||||
200 1# - ЗАГЛАВИЕ И СВЕДЕНИЯ ОБ ОТВЕТСТВЕННОСТИ
Основное заглавие Трактат о свободе
Сведения, относящиеся к заглавию [монография]
Первые сведения об ответственности Г. Д. Левин
Последующие сведения об ответственности Рос. акад. наук, Ин-т философии
210 ## - ПУБЛИКАЦИЯ, РАСПРОСТРАНЕНИЕ И ДР.
Место издания, распространения и т.д. Москва
Имя издателя, распространителя и т. д. Канон+
Дата издания, распространения и т.д. 2009
215 ## - ФИЗИЧЕСКАЯ ХАРАКТЕРИСТИКА
Специфическое обозначение материала и объем 191 с.
Другие сведения о физической характеристике ил.
Размеры 21
320 ## - ПРИМЕЧАНИЯ О НАЛИЧИИ В ДОКУМЕНТЕ БИБЛИОГРАФИИ / УКАЗАТЕЛЯ
Текст примечания Библиогр. в подстроч. примеч.
606 1# - НАИМЕНОВАНИЕ ТЕМЫ КАК ПРЕДМЕТ
Наименование темы Свобода и ответственность
Системный номер авторитетной/нормативной записи 1585044
Идентификатор авторитетной/нормативной записи RU\NLR\auth\66995004
606 ## - НАИМЕНОВАНИЕ ТЕМЫ КАК ПРЕДМЕТ
Наименование темы Свобода воли (этич.)
Идентификатор авторитетной/нормативной записи RU\NLR\auth\66540118
Системный номер авторитетной/нормативной записи 1303477
686 ## - ИНДЕКСЫ ДРУГИХ КЛАССИФИКАЦИЙ
Индекс 87.713.14
Издание LBC/RL
Код системы
686 ## - ИНДЕКСЫ ДРУГИХ КЛАССИФИКАЦИЙ
Индекс Ю212.73
686 ## - ИНДЕКСЫ ДРУГИХ КЛАССИФИКАЦИЙ
Индекс Ю703.141
700 #1 - ИМЯ ЛИЦА - ПЕРВИЧНАЯ ОТВЕТСТВЕННОСТЬ
Код отношения Автор
Материалы, к которым относится поле rus
Графика поля Кириллица
Начальный элемент ввода Левин
Часть имени, кроме начального элемента ввода Г. Д.
Дополнения к именам, кроме дат д-р филос. наук
Даты 1937-
Расширение инициалов личного имени Георгий Дмитриевич
Идентификатор авторитетной/нормативной записи RU\NLR\AUTH\7772726
Системный номер авторитетной/нормативной записи 55654
801 #0 - ИСТОЧНИК ЗАПИСИ
Страна Российская Федерация
Организация Омская ГОНБ
Дата составления 20100225
Правила каталогизации rcr
801 #1 - ИСТОЧНИК ЗАПИСИ
Страна Российская Федерация
Организация Омская ГОНБ
Дата составления 20100225
Источник данных rusmarc
801 #2 - ИСТОЧНИК ЗАПИСИ
Страна Российская Федерация
Организация NLR
Дата составления 20100322
Правила каталогизации rcr
942 ## - ДОПОЛНИТЕЛЬНЫЕ ЭЛЕМЕНТЫ ЗАПИСИ (АБИС)
Тип экземпляра АБИС Книга
980 ## - КОЛЛЕКЦИЯ
Название коллекции Национальная библиография
Экземпляры
Тип экземпляра Дата поступления Источник поступления Стоимость Библиотека постоянного хранения Библиотека текущего хранения Место хранения Шифр хранения Штрих-код Статус экземпляра
Книга 19.04.2010 Покупка 180.00 РНБ (Московский) РНБ (Московский) Русский книжный фонд: издания с 1957 года 2010-3/13160 3154005  
Книга 12.07.2011 Покупка 210.00 РНБ (Московский) РНБ (Московский) Фонд общего зала социально-экономической литературы С1 Ю212/Л-363 1-223551  
Книга 19.04.2010 Покупка 180.00 РНБ (Садовая) РНБ (Садовая) Универсальный читальный зал У Ю212/Л-363 1-164829